Score 0/40 Timer 07:00
0 Plays Today
Hint Answer % Correct
Color of Letters on FlagBlue
78.2%
Bordering OceanAtlantic Ocean
77.7%
Time ZoneAtlantic Standard Time
77.2%
Drives on theā€¦Left
75.1%
Flag Background ColorWhite
72.4%
CurrencyUnited States Dollar
71.7%
Bordering SeaCaribbean Sea
71.1%
Lowest Point (0 m)Caribbean Sea
71.1%
Official LanguageEnglish
70%
Largest ReligionChristianity
69.6%
Internet TLD.vi
66.5%
Number of Districts3
55.4%
StatusUnincorporated and Organized Territory
51.5%
Primary Economic ActivityTourism
50.4%
Second Largest IslandSt. Thomas
45.2%
Number of Subdistricts20
45%
Largest IslandSt. Croix
41.3%
PresidentDonald Trump
41.1%
Third Largest IslandSt. John
40.2%
Bird on FlagEagle
36.9%
Hint Answer % Correct
Closest Independent CountrySt. Kitts and Nevis
36.5%
Purchased From...Denmark
35.6%
DemonymVirgin Islander
34.6%
Year of Purchase1917
34.4%
NBA Most Valuable PlayerTim Duncan
27.1%
Capital CityCharlotte Amalie
25.4%
Purchase Price (in Millions $)25
24.2%
1989 HurricaneHurricane Hugo
18.4%
Primary Manufacturing ProductRum
16.2%
Official NameVirgin Islands of the United States
15.3%
Largest Post-Secondary InstitutionUniversity of the Virgin Islands
11.5%
GovernorKenneth Mapp
8.2%
Colonial NameDanish West Indies
8.2%
Second Largest CityChristiansted
8.2%
AnthemVirgin Islands March
6.4%
Island Added in 1996Water Island
6.4%
MottoUnited in Pride and Hope
6.3%
Territorial HolidayTransfer Day
6%
Emmy Award Winning ActorKelsey Grammer
5.8%
Highest Point (473 m)Crown Mountain
4.9%
Remove Ads.
Support Sporcle.
Get the best of Sporcle when you Go Orange. This ad-free experience offers more features, more stats, and more fun while also helping to support Sporcle. Thank you for becoming a member.

You're not logged in!

Compare scores with friends on all Sporcle quizzes.
OR
Log In

Show Comments

Extras

Top Quizzes Today


Score Distribution

Your Account Isn't Verified!

In order to create a playlist on Sporcle, you need to verify the email address you used during registration. Go to your Sporcle Settings to finish the process.

Report this User

Report this user for behavior that violates our Community Guidelines.

Details: